000 00804nam a2200253Ia 4500
003 OSt
005 20220930073158.0
006 a|||||r|||| 00| 0
007 ta
008 220926b |||||||| |||| 00| 0 hin d
024 _a28563
037 _cTheses
040 _aCRL
_cCRL
_bhin
041 _2hin
_ahin
100 _aChaube Lalan Kumar
_9531130
110 _aUniversity of Delhi. Faculty of Arts. Department of Hindi
245 0 _aTulsidas aur unka kavya
_b aadhunik hindi sahitya ke istrotra ke roop mai
260 _c1999
650 _aHINDI LITERATURE
_923866
700 _a Iyyar S. Naranyan Supervisor
_9531131
700 _aUniversity of Delhi. Faculty of Arts. Department of Hindi
942 _cDIS
_2CC
999 _c864741
_d864741